000 01169nam a22002657a 4500
005 20260424153615.0
008 260424m20062024|||||||| |||| 00| 0 spa d
020 _a9788419496379
040 _aCO-BoUCM
_bspa
_cStefania Borbon
_dStefania Borbon
041 _aspa
060 _aW 62
100 1 _aCharon, Rita
_9188859
245 _aMedicina narrativa :
_bhonrar las historias de enfermedad /
_ctraducción de Silvana Marrón, Juan Carlos Claro y Carlos Daniel Tajer
260 _aBarcelona ;
_bLibros del Zorzal ,
_c2024.
300 _a396 páginas
504 _aIncluye referencias bibliográficas
520 _aAnaliza la medicina narrativa como un modelo clínico que utiliza habilidades literarias para mejorar la atención médica, enfocándose en la escucha activa de las historias de vida de los pacientes.
650 2 _aMedicina Narrativa
_9188860
650 2 _aRelaciones Médico-Paciente
_923467
650 2 _aHumanidades Médicas
_9188861
700 1 _aMarrón, Silvana
_etraductor
_9188862
700 1 _aClaro, Juan Carlos,
_etraductor
_9188863
700 1 _aTajer, Carlos Daniel
_etraductor
_9188864
942 _2NLM
_a26
_cLIBRO
_e1
_hW 62
_mC483
999 _c326309
_d326309